[Event "Werner-Ott-Open Kreuzberger Sommer 2018"]
[Site "Berlin"]
[Date "2018.07.01"]
[Round "2.1"]
[White "Krueger, Robin Kevin"]
[Black "Stern, Rene"]
[Result "0-1"]
[WhiteElo "1942"]
[BlackElo "2510"]
[PlyCount "72"]
[EventDate "2018.06.30"]
[EventType "swiss"]
[EventRounds "9"]
[EventCountry "GER"]
[SourceTitle "WOOKS_2018_R2"]
[Source "Andreas Lange"]
[SourceDate "2018.07.01"]
[SourceVersion "1"]
[SourceVersionDate "2018.07.01"]
[SourceQuality "1"]
[WhiteTeam "MTV Tostedt"]
[BlackTeam "SK Koenig Tegel 1949"]
[WhiteTeamCountry "GER"]
[BlackTeamCountry "GER"]

1. e4 e5 2. Nf3 Nc6 3. Bc4 Nf6 4. d4 exd4 5. e5 d5 6. Bb5 Ne4 7. Nxd4 Bd7 8.
Bxc6 bxc6 9. O-O Bc5 10. f3 Ng5 11. Be3 f6 12. f4 fxe5 13. fxg5 Qe7 14. Kh1
exd4 15. Bxd4 O-O-O 16. Nc3 Bb6 17. Qd3 Kb8 18. a4 Bc8 19. b4 Qxg5 20. a5 Bxd4
21. Qxd4 Rhe8 22. b5 Qe3 23. Qb4 c5 24. Qb2 Bb7 25. b6 cxb6 26. axb6 a6 27. Na4
d4 28. Nxc5 Bxg2+ 29. Kxg2 Qg5+ 30. Kh1 Qd5+ 31. Kg1 Qg5+ 32. Kh1 Qd5+ 33. Kg1
Qxc5 34. Rxa6 Qg5+ 35. Kh1 Qd5+ 36. Kg1 Re2 0-1

[Event "Werner-Ott-Open Kreuzberger Sommer 2018"]
[Site "Berlin"]
[Date "2018.07.01"]
[Round "2.2"]
[White "Ahmadinia, Ebrahim"]
[Black "Matitschka, Heinz"]
[Result "1-0"]
[WhiteElo "2415"]
[BlackElo "1939"]
[PlyCount "113"]
[EventDate "2018.06.30"]
[EventType "swiss"]
[EventRounds "9"]
[EventCountry "GER"]
[SourceTitle "WOOKS_2018_R2"]
[Source "Andreas Lange"]
[SourceDate "2018.07.01"]
[SourceVersion "1"]
[SourceVersionDate "2018.07.01"]
[SourceQuality "1"]
[WhiteTeam "SF Berlin 1903"]
[BlackTeam "TSG Oberschoeneweide"]
[WhiteTeamCountry "GER"]
[BlackTeamCountry "GER"]

1. c4 Nf6 2. Nc3 e6 3. e4 d5 4. e5 Ne4 5. Nf3 Nc6 6. Qc2 Nb4 7. Qb1 Bd7 8. d3
Nxc3 9. bxc3 Nc6 10. d4 Be7 11. cxd5 exd5 12. Qxb7 Rb8 13. Qa6 O-O 14. Be2 Rb6
15. Qd3 Na5 16. O-O Nc4 17. Nd2 Nxd2 18. Bxd2 Bb5 19. Qe3 Qd7 20. Bd3 Rfb8 21.
Rfe1 Bxd3 22. Qxd3 Rb2 23. Bf4 a5 24. a4 R8b6 25. h3 R2b3 26. Re3 Rg6 27. Qc2
Rbb6 28. Rf3 Qc6 29. Bg3 Qe6 30. Rb1 Qd7 31. Rd1 Rgc6 32. Ra1 Rc4 33. Bf4 Qc6
34. Bd2 Qg6 35. Qa2 Qe4 36. Re1 Qg6 37. Kh2 Qc6 38. Ra1 Qg6 39. Bf4 Qc6 40. Bd2
Qg6 41. Rg3 Qf5 42. Be3 Qd7 43. Qc2 Qc6 {(=)} 44. Bd2 Qd7 45. f4 f5 46. exf6
Bxf6 47. Qd3 Re6 48. Qf5 Rd6 49. Qh5 Qf7 50. Qg4 Qe6 51. f5 Qf7 52. Qf3 Rb6 53.
Qd3 Rb8 54. Bf4 Rc6 55. Re3 Re8 56. Rxe8+ Qxe8 57. Qb5 1-0

[Event "Werner-Ott-Open Kreuzberger Sommer 2018"]
[Site "Berlin"]
[Date "2018.07.01"]
[Round "2.3"]
[White "Dittrich, Tom"]
[Black "Malek, Daniel"]
[Result "0-1"]
[WhiteElo "1931"]
[BlackElo "2383"]
[PlyCount "70"]
[EventDate "2018.06.30"]
[EventType "swiss"]
[EventRounds "9"]
[EventCountry "GER"]
[SourceTitle "WOOKS_2018_R2"]
[Source "Andreas Lange"]
[SourceDate "2018.07.01"]
[SourceVersion "1"]
[SourceVersionDate "2018.07.01"]
[SourceQuality "1"]
[WhiteTeam "SG Stadtilm"]
[BlackTeam "SK Zehlendorf"]
[WhiteTeamCountry "GER"]
[BlackTeamCountry "GER"]

1. e4 e6 2. d4 d5 3. Nc3 Nf6 4. e5 Nfd7 5. f4 c5 6. Nf3 Be7 7. Be3 b6 8. Be2
Nc6 9. O-O O-O 10. Kh1 f6 11. dxc5 Nxc5 12. Bb5 Bb7 13. Bxc6 Bxc6 14. f5 exf5
15. Nd4 Bb7 16. exf6 Bxf6 17. Rxf5 Qe7 18. Rf3 Rad8 19. Nce2 Nd7 20. Nf5 Qb4
21. Bd4 Ne5 22. Rb3 Qa4 23. Re3 Ng4 24. Rg3 Ne5 25. Re3 Rfe8 26. Rg3 Qd7 27.
Qf1 Rf8 28. Bxe5 Bxe5 29. Rf3 Bxb2 30. Ned4 Bxa1 31. Qxa1 Rf6 32. Rg3 Rdf8 33.
Ne6 Qxe6 34. Rxg7+ Kh8 35. Rxb7 Qxf5 0-1

[Event "Werner-Ott-Open Kreuzberger Sommer 2018"]
[Site "Berlin"]
[Date "2018.07.01"]
[Round "2.4"]
[White "Jaeger, Andre"]
[Black "Radovanovic, Jovica"]
[Result "0-1"]
[WhiteElo "1922"]
[BlackElo "2311"]
[PlyCount "48"]
[EventDate "2018.06.30"]
[EventType "swiss"]
[EventRounds "9"]
[EventCountry "GER"]
[SourceTitle "WOOKS_2018_R2"]
[Source "Andreas Lange"]
[SourceDate "2018.07.01"]
[SourceVersion "1"]
[SourceVersionDate "2018.07.01"]
[SourceQuality "1"]
[WhiteTeam "SC Rochade"]
[WhiteTeamCountry "GER"]

1. d4 Nf6 2. c4 g6 3. g3 Bg7 4. Bg2 O-O 5. Nc3 d6 6. Nf3 Nbd7 7. O-O e5 8. e4
exd4 9. Nxd4 Re8 10. h3 a6 11. Bg5 Rb8 12. Qc1 c5 13. Nde2 b5 14. cxb5 axb5 15.
a4 b4 16. Nb5 Qb6 17. Rd1 Nxe4 18. Bxe4 Rxe4 19. Rxd6 Qb7 20. Qc2 Re8 21. Rd2
Ne5 22. Nd6 Nf3+ 23. Kh1 Qa8 24. Nxe8 Ne1+ 0-1

[Event "Werner-Ott-Open Kreuzberger Sommer 2018"]
[Site "Berlin"]
[Date "2018.07.01"]
[Round "2.5"]
[White "Hacker, Jonas"]
[Black "Dathe, Frederick"]
[Result "1-0"]
[WhiteElo "2291"]
[BlackElo "1895"]
[PlyCount "105"]
[EventDate "2018.06.30"]
[EventType "swiss"]
[EventRounds "9"]
[EventCountry "GER"]
[SourceTitle "WOOKS_2018_R2"]
[Source "Andreas Lange"]
[SourceDate "2018.07.01"]
[SourceVersion "1"]
[SourceVersionDate "2018.07.01"]
[SourceQuality "1"]
[WhiteTeam "SC Eppingen"]
[BlackTeam "SC Kreuzberg"]
[WhiteTeamCountry "GER"]
[BlackTeamCountry "GER"]

1. e4 d5 2. exd5 Qxd5 3. Nc3 Qd6 4. d4 Nf6 5. Nf3 g6 6. g3 Bg7 7. Bg2 Qa6 8.
Bf4 c6 9. Qd2 O-O 10. O-O-O Be6 11. a3 b5 12. Ne5 b4 13. Nb1 bxa3 14. Nxa3 Rd8
15. Rhe1 Nd5 16. Bh6 Nd7 17. Bxg7 Kxg7 18. c4 Nxe5 19. Rxe5 Nf6 20. Rc5 Rac8
21. h3 Qb6 22. Qc3 Kg8 23. g4 Rc7 24. f4 Bc8 25. Re5 Rcd7 26. Nc2 Bb7 27. Bf3
Ne8 28. Rde1 Qc7 29. Qa5 Qxa5 30. Rxa5 Ba8 31. b3 Ng7 32. f5 f6 33. Kb2 Kf7 34.
Rea1 gxf5 35. gxf5 Bb7 36. Rxa7 Nxf5 37. Bg4 e6 38. Bxf5 exf5 39. Rf1 Rg8 40.
Ra5 Bc8 41. Raxf5 Rg6 42. R5f4 Re7 43. R1f2 h5 44. Nb4 f5 45. Nd3 Rg3 46. R2f3
Rxf3 47. Rxf3 Kf6 48. h4 Re4 49. Rf4 Re2+ 50. Kc3 Ke7 51. Ne5 c5 52. Nd3 cxd4+
53. Kxd4 1-0

[Event "Werner-Ott-Open Kreuzberger Sommer 2018"]
[Site "Berlin"]
[Date "2018.07.01"]
[Round "2.6"]
[White "Namestnikov, Boris"]
[Black "Rehberg, Raphael"]
[Result "0-1"]
[WhiteElo "1890"]
[BlackElo "2279"]
[PlyCount "78"]
[EventDate "2018.06.30"]
[EventType "swiss"]
[EventRounds "9"]
[EventCountry "GER"]
[SourceTitle "WOOKS_2018_R2"]
[Source "Andreas Lange"]
[SourceDate "2018.07.01"]
[SourceVersion "1"]
[SourceVersionDate "2018.07.01"]
[SourceQuality "1"]
[WhiteTeam "SK Zehlendorf"]
[BlackTeam "SG Lok Brandenburg"]
[WhiteTeamCountry "GER"]
[BlackTeamCountry "GER"]

1. d4 Nf6 2. c4 e6 3. Nc3 d5 4. cxd5 exd5 5. Bg5 Be7 6. e3 O-O 7. Bd3 Re8 8.
Qc2 h6 9. Bf4 c5 10. Nf3 Nc6 11. dxc5 Bxc5 12. O-O Nh5 13. Ne2 Qb6 14. Rac1 Bf8
15. Rfd1 Bg4 16. Bg3 Nxg3 17. hxg3 Rad8 18. a3 Rc8 19. Qd2 Bxf3 20. gxf3 Ne5
21. Kg2 Nxd3 22. Qxd3 Rxc1 23. Nxc1 Qxb2 24. Qxd5 Bxa3 25. Nd3 Qb6 26. Nf4 Bf8
27. g4 Rc8 28. Qe4 Qc6 29. Qf5 g6 30. Qd3 Re8 31. Nd5 a6 32. Qd4 Bg7 33. Qb4
Kh7 34. g5 Re5 35. e4 Rxg5+ 36. Kf1 Re5 37. Rb1 b5 38. Qa5 Qc4+ 39. Ke1 Rxd5
0-1

[Event "Werner-Ott-Open Kreuzberger Sommer 2018"]
[Site "Berlin"]
[Date "2018.07.01"]
[Round "2.7"]
[White "Jeremic, Dusan"]
[Black "Bui, Bao Anh Le"]
[Result "0-1"]
[WhiteElo "2179"]
[BlackElo "1883"]
[PlyCount "68"]
[EventDate "2018.06.30"]
[EventType "swiss"]
[EventRounds "9"]
[EventCountry "GER"]
[SourceTitle "WOOKS_2018_R2"]
[Source "Andreas Lange"]
[SourceDate "2018.07.01"]
[SourceVersion "1"]
[SourceVersionDate "2018.07.01"]
[SourceQuality "1"]
[WhiteTeam "SF Berlin 1903"]
[BlackTeam "SV Mattnetz Berlin"]
[WhiteTeamCountry "GER"]
[BlackTeamCountry "GER"]

1. e4 c5 2. Nf3 d6 3. Bc4 a6 4. a4 Nf6 5. Qe2 Nc6 6. c3 Bg4 7. d3 e6 8. h3 Bh5
9. Bf4 Be7 10. Nbd2 O-O 11. O-O Nd7 12. Bb3 Na5 13. Bc2 Nc6 14. Qe3 Rc8 15. Nc4
d5 16. Nd6 d4 17. Qd2 Ra8 18. Nc4 Bxf3 19. gxf3 b5 20. Na3 Nde5 21. Qe2 dxc3
22. bxc3 b4 23. cxb4 Nd4 24. Qd1 Nexf3+ 25. Kh1 Bd6 26. Bg3 f5 27. bxc5 f4 28.
cxd6 fxg3 29. fxg3 Qg5 30. g4 Qf4 31. Rf2 Qg3 32. Qf1 Nh4 33. Rxf8+ Rxf8 34.
Qg1 Qxh3+ 0-1

[Event "Werner-Ott-Open Kreuzberger Sommer 2018"]
[Site "Berlin"]
[Date "2018.07.01"]
[Round "2.8"]
[White "Grassi, Fabrizio"]
[Black "Wierzbicki, Jirawat"]
[Result "1/2-1/2"]
[WhiteElo "1872"]
[BlackElo "2161"]
[PlyCount "70"]
[EventDate "2018.06.30"]
[EventType "swiss"]
[EventRounds "9"]
[EventCountry "GER"]
[SourceTitle "WOOKS_2018_R2"]
[Source "Andreas Lange"]
[SourceDate "2018.07.01"]
[SourceVersion "1"]
[SourceVersionDate "2018.07.01"]
[SourceQuality "1"]
[WhiteTeam "SV Berlin-Friedrichstadt"]
[BlackTeam "SK Koenig Tegel 1949"]
[WhiteTeamCountry "GER"]
[BlackTeamCountry "GER"]

1. d4 d5 2. Bf4 Nf6 3. e3 c5 4. c3 Nc6 5. Nd2 Bf5 6. Qb3 Qd7 7. Ngf3 c4 8. Qb5
e6 9. b3 cxb3 10. axb3 Be7 11. Ne5 Qc8 12. Nxc6 bxc6 13. Qa6 Qd7 14. Nf3 Bd6
15. Bxd6 Qxd6 16. Ne5 O-O 17. Qxc6 Qe7 18. Ba6 Rab8 19. Qa4 Qc7 20. c4 Bc2 21.
Bb5 dxc4 22. Qxc4 Qb6 23. Qxc2 Qxb5 24. Qc4 Qxb3 25. Qxb3 Rxb3 26. O-O Rb7 27.
Rfc1 g6 28. g3 Ra8 29. Ra6 Nd5 30. Nc6 Ne7 31. Nxe7+ Rxe7 32. Kg2 Rb8 33. Rca1
Rbb7 34. h4 Rec7 35. R1a2 Kg7 1/2-1/2

[Event "Werner-Ott-Open Kreuzberger Sommer 2018"]
[Site "Berlin"]
[Date "2018.07.01"]
[Round "2.9"]
[White "Kohler, Thomas"]
[Black "Schneider, Eckehard"]
[Result "1-0"]
[WhiteElo "2147"]
[BlackElo "1854"]
[PlyCount "65"]
[EventDate "2018.06.30"]
[EventType "swiss"]
[EventRounds "9"]
[EventCountry "GER"]
[SourceTitle "WOOKS_2018_R2"]
[Source "Andreas Lange"]
[SourceDate "2018.07.01"]
[SourceVersion "1"]
[SourceVersionDate "2018.07.01"]
[SourceQuality "1"]
[WhiteTeam "SC Zitadelle Spandau 1977"]
[BlackTeam "SF Berlin 1903"]
[WhiteTeamCountry "GER"]
[BlackTeamCountry "GER"]

1. c4 Nf6 2. g3 g6 3. Bg2 Bg7 4. Nc3 O-O 5. e4 e5 6. Nge2 d6 7. O-O Nc6 8. d3
a6 9. h3 Rb8 10. Be3 Be6 11. Nd5 Ne7 12. d4 Bxd5 13. cxd5 Nd7 14. dxe5 Nxe5 15.
Rc1 c5 16. dxc6 N5xc6 17. Qd2 Qd7 18. Rfd1 Qe6 19. b3 Rfd8 20. Nf4 Qe5 21. Nd3
Qf6 22. Bb6 Re8 23. Nf4 Nc8 24. Nd5 Qe5 25. Be3 N8e7 26. Bf4 Qd4 27. Bxd6 Qxd2
28. Rxd2 Bh6 29. f4 Nxd5 30. exd5 Ne7 31. Bxb8 Rxb8 32. d6 f5 33. d7 1-0

[Event "Werner-Ott-Open Kreuzberger Sommer 2018"]
[Site "Berlin"]
[Date "2018.07.01"]
[Round "2.10"]
[White "Bruening, Wolfgang"]
[Black "Federau, Juergen"]
[Result "0-1"]
[WhiteElo "1850"]
[BlackElo "2127"]
[PlyCount "94"]
[EventDate "2018.06.30"]
[EventType "swiss"]
[EventRounds "9"]
[EventCountry "GER"]
[SourceTitle "WOOKS_2018_R2"]
[Source "Andreas Lange"]
[SourceDate "2018.07.01"]
[SourceVersion "1"]
[SourceVersionDate "2018.07.01"]
[SourceQuality "1"]
[WhiteTeam "vereinslos"]
[BlackTeam "SC Kreuzberg"]
[WhiteTeamCountry "GER"]
[BlackTeamCountry "GER"]

1. Nf3 Nf6 2. d4 e6 3. e3 c5 4. Bd3 d5 5. b3 Nc6 6. Bb2 Nb4 7. Be2 Be7 8. O-O
O-O 9. Ne5 Nd7 10. f4 f6 11. Nf3 b6 12. c4 Re8 13. Nc3 dxc4 14. Bxc4 Nf8 15.
Qe2 Nd5 16. Rfd1 Nxc3 17. Bxc3 Qc7 18. Rac1 Qb8 19. d5 Kh8 20. dxe6 Bxe6 21.
Bxe6 Nxe6 22. Rd7 Nf8 23. Rd5 Qc7 24. g3 Rad8 25. e4 Rxd5 26. exd5 Rd8 27. Rd1
Bd6 28. h4 Qf7 29. Kf2 Re8 30. Qd3 Qh5 31. Re1 Rxe1 32. Kxe1 Ng6 33. Nd2 Ne7
34. Ne4 Qxd5 35. Qxd5 Nxd5 36. Bxf6 Bxf4 37. Bxg7+ Kxg7 38. gxf4 Nxf4 39. Nd6
Ng2+ 40. Kf2 Nxh4 41. Nc8 Nf5 42. Nxa7 Nd6 43. Nc6 Kf6 44. a4 Nb7 45. b4 cxb4
46. Nxb4 Ke6 47. Nd3 Nc5 0-1

[Event "Werner-Ott-Open Kreuzberger Sommer 2018"]
[Site "Berlin"]
[Date "2018.07.01"]
[Round "2.11"]
[White "Krefenstein, Sergej"]
[Black "Hiller, Bernd"]
[Result "1-0"]
[WhiteElo "2119"]
[BlackElo "1847"]
[PlyCount "55"]
[EventDate "2018.06.30"]
[EventType "swiss"]
[EventRounds "9"]
[EventCountry "GER"]
[SourceTitle "WOOKS_2018_R2"]
[Source "Andreas Lange"]
[SourceDate "2018.07.01"]
[SourceVersion "1"]
[SourceVersionDate "2018.07.01"]
[SourceQuality "1"]
[WhiteTeam "TuS Makkabi Berlin"]
[BlackTeam "SV Berolina Mitte"]
[WhiteTeamCountry "GER"]
[BlackTeamCountry "GER"]

1. d4 d5 2. Nf3 Nc6 3. c4 e5 4. dxe5 d4 5. a3 Be6 6. e3 dxe3 7. Qxd8+ Rxd8 8.
Bxe3 Nge7 9. Nc3 Ng6 10. Nb5 Rc8 11. Be2 a6 12. Nbd4 Ncxe5 13. Nxe6 fxe6 14.
Ng5 Ke7 15. f4 Nf7 16. Nxe6 Nh6 17. Nxf8 Kxf8 18. f5 Ne5 19. O-O Nhf7 20. b4
Nd6 21. Rac1 Nd7 22. c5 Nb5 23. a4 Na7 24. Bf3 c6 25. Bd4 Nf6 26. Rcd1 Nd5 27.
Bxd5 cxd5 28. f6 1-0

[Event "Werner-Ott-Open Kreuzberger Sommer 2018"]
[Site "Berlin"]
[Date "2018.07.01"]
[Round "2.12"]
[White "Bergmann, Jens"]
[Black "Sommaro, Katja"]
[Result "0-1"]
[WhiteElo "1846"]
[BlackElo "2087"]
[PlyCount "72"]
[EventDate "2018.06.30"]
[EventType "swiss"]
[EventRounds "9"]
[EventCountry "GER"]
[SourceTitle "WOOKS_2018_R2"]
[Source "Andreas Lange"]
[SourceDate "2018.07.01"]
[SourceVersion "1"]
[SourceVersionDate "2018.07.01"]
[SourceQuality "1"]
[WhiteTeam "SK Tempelhof 1931"]
[BlackTeam "SV Berolina Mitte"]
[WhiteTeamCountry "GER"]
[BlackTeamCountry "GER"]

1. e4 g6 2. d4 Bg7 3. c3 d6 4. Nf3 Nf6 5. Bd3 O-O 6. O-O Nbd7 7. h3 c5 8. Be3
b6 9. Nbd2 Bb7 10. Rc1 Rc8 11. Qe2 Rc7 12. Bf4 Nh5 13. Bg5 h6 14. g4 Nhf6 15.
Bf4 e5 16. dxe5 dxe5 17. Bg3 h5 18. g5 Ne8 19. Nc4 b5 20. Na5 c4 21. Bc2 Bc8
22. h4 Qe7 23. b4 Nb6 24. Rcd1 Bg4 25. Qe3 f6 26. Rd2 Bxf3 27. Qxf3 fxg5 28.
Qh1 g4 29. f4 exf4 30. Bxf4 Bxc3 31. Qh2 Bxd2 32. Qxd2 Rd7 33. Qc3 Qxh4 34. Qe5
Re7 35. Qxb5 Ref7 36. Rf2 Rxf4 0-1

[Event "Werner-Ott-Open Kreuzberger Sommer 2018"]
[Site "Berlin"]
[Date "2018.07.01"]
[Round "2.13"]
[White "Thau, Oliver"]
[Black "Schulz, Hartmut"]
[Result "1/2-1/2"]
[WhiteElo "1844"]
[BlackElo "2080"]
[PlyCount "75"]
[EventDate "2018.06.30"]
[EventType "swiss"]
[EventRounds "9"]
[EventCountry "GER"]
[SourceTitle "WOOKS_2018_R2"]
[Source "Andreas Lange"]
[SourceDate "2018.07.01"]
[SourceVersion "1"]
[SourceVersionDate "2018.07.01"]
[SourceQuality "1"]
[WhiteTeam "SV Babelsberg 03"]
[BlackTeam "SC Rochade"]
[WhiteTeamCountry "GER"]
[BlackTeamCountry "GER"]

1. Nf3 d5 2. e4 dxe4 3. Ng5 Bf5 4. g4 Bg6 5. Bg2 Nf6 6. Nc3 c6 7. Ngxe4 Nbd7 8.
d3 e6 9. Qe2 h5 10. g5 Nd5 11. O-O Be7 12. h4 Qc7 13. Nxd5 cxd5 14. Nc3 Nb6 15.
Be3 Qd7 16. Bd4 f6 17. Bh3 Kf7 18. f4 Rae8 19. Qf2 Bd8 20. Kg2 Rhf8 21. f5 exf5
22. Bxf5 Bxf5 23. Qxf5 Qxf5 24. Rxf5 Ke6 25. Raf1 g6 26. R5f2 f5 27. Bc5 Rg8
28. Re2+ Kd7 29. Rfe1 Rxe2+ 30. Rxe2 Kc6 31. b4 Nc8 32. Bd4 a5 33. b5+ Kd6 34.
Be5+ Kc5 35. a4 d4 36. Na2 Kd5 37. c4+ dxc3 38. Bxc3 1/2-1/2

[Event "Werner-Ott-Open Kreuzberger Sommer 2018"]
[Site "Berlin"]
[Date "2018.07.01"]
[Round "2.14"]
[White "Kather, Yannick"]
[Black "Jeremic, Nemanja"]
[Result "1-0"]
[WhiteElo "2053"]
[BlackElo "1827"]
[PlyCount "27"]
[EventDate "2018.06.30"]
[EventType "swiss"]
[EventRounds "9"]
[EventCountry "GER"]
[SourceTitle "WOOKS_2018_R2"]
[Source "Andreas Lange"]
[SourceDate "2018.07.01"]
[SourceVersion "1"]
[SourceVersionDate "2018.07.01"]
[SourceQuality "1"]
[WhiteTeam "SC Weisse Dame"]
[BlackTeam "SF Berlin 1903"]
[WhiteTeamCountry "GER"]
[BlackTeamCountry "GER"]

1. e4 e5 2. Nf3 Nf6 3. Nxe5 d6 4. Nf3 (4. Nxf7 $5 Kxf7 5. d4 $1 {Wer kennt das
Cochrane-Gambit?}) 4... Nxe4 5. d4 d5 6. Bd3 Nc6 7. Nbd2 Bg4 8. Nxe4 dxe4 9.
Bxe4 Qe7 10. O-O O-O-O 11. Bxc6 bxc6 12. Qd3 Qd6 13. Ne5 Be6 14. Qa6+ 1-0

[Event "Werner-Ott-Open Kreuzberger Sommer 2018"]
[Site "Berlin"]
[Date "2018.07.01"]
[Round "2.15"]
[White "Jess, Arne"]
[Black "Gebigke, Martin"]
[Result "0-1"]
[WhiteElo "1842"]
[BlackElo "2050"]
[PlyCount "90"]
[EventDate "2018.06.30"]
[EventType "swiss"]
[EventRounds "9"]
[EventCountry "GER"]
[SourceTitle "WOOKS_2018_R2"]
[Source "Andreas Lange"]
[SourceDate "2018.07.01"]
[SourceVersion "1"]
[SourceVersionDate "2018.07.01"]
[SourceQuality "1"]
[WhiteTeam "TSG Fredersdorf/Vogelsdorf"]
[BlackTeam "SC Kreuzberg"]
[WhiteTeamCountry "GER"]
[BlackTeamCountry "GER"]

1. e4 c5 2. Nf3 d6 3. d4 cxd4 4. Nxd4 Nf6 5. Nc3 a6 6. Be2 e5 7. Nb3 Be7 8. Be3
Be6 9. O-O O-O 10. f4 exf4 11. Bxf4 Nbd7 12. Kh1 Qb6 13. Qd4 Qc7 14. Rad1 Ne5
15. Nd5 Nxd5 16. exd5 Bd7 17. c4 Ng6 18. Bg3 b6 19. Qd2 Qd8 20. Qb4 Ne5 21. Nd2
f5 22. Bf2 Rb8 23. Qa3 a5 24. Bd4 Be8 25. b4 axb4 26. Qxb4 Bg6 27. Rb1 Nd7 28.
Bd1 Bf6 29. Nf3 Ne5 30. Nxe5 Bxe5 31. Bxe5 dxe5 32. Rb3 e4 33. Be2 Qc7 34. Rfb1
f4 35. Qa3 f3 36. gxf3 exf3 37. Bd3 f2 38. Rf1 Bxd3 39. Rxd3 Qxc4 40. Kg2 Qe4+
41. Rf3 Ra8 42. Qd3 Qxf3+ 43. Qxf3 Rxf3 44. Kxf3 Rxa2 45. Ke4 Kf7 0-1

[Event "Werner-Ott-Open Kreuzberger Sommer 2018"]
[Site "Berlin"]
[Date "2018.07.01"]
[Round "2.16"]
[White "Kirchhof, Arno"]
[Black "Schenk, Rafael"]
[Result "1-0"]
[WhiteElo "2041"]
[BlackElo "1791"]
[PlyCount "111"]
[EventDate "2018.06.30"]
[EventType "swiss"]
[EventRounds "9"]
[EventCountry "GER"]
[SourceTitle "WOOKS_2018_R2"]
[Source "Andreas Lange"]
[SourceDate "2018.07.01"]
[SourceVersion "1"]
[SourceVersionDate "2018.07.01"]
[SourceQuality "1"]
[WhiteTeam "SC Zugzwang 95"]
[BlackTeam "Ludwigsfelder SC"]
[WhiteTeamCountry "GER"]
[BlackTeamCountry "GER"]

1. d4 Nf6 2. Nf3 c5 3. c3 e6 4. Bf4 Nc6 5. e3 d5 6. Nbd2 Bd6 7. Ne5 Qc7 8. Ndf3
O-O 9. h3 Nd7 10. Bd3 f6 11. Nxc6 bxc6 12. Bxd6 Qxd6 13. Qc2 f5 14. O-O a5 15.
Rfd1 Ba6 16. Bxa6 Rxa6 17. b3 e5 18. dxe5 Nxe5 19. Nxe5 Qxe5 {(=)} 20. Rd2 a4
21. Rb1 Qe4 22. Qxe4 fxe4 23. c4 axb3 24. axb3 Rf5 25. Rbd1 Ra3 26. cxd5 Rxd5
27. Rxd5 cxd5 28. Rxd5 Rxb3 29. Rxc5 Rb4 30. Kh2 Kf7 31. Kg3 Kf6 32. h4 g6 33.
Rc7 h5 34. Rc6+ Kf5 35. Rd6 Rb5 36. Ra6 Rc5 37. f3 Rb5 38. fxe4+ Kxe4 39. Rxg6
Rb3 40. Re6+ Kf5 41. Re8 Ra3 42. Kf3 Rb3 43. Rg8 Rb1 44. Rg5+ Kf6 45. Rxh5 Rf1+
46. Ke4 Rg1 47. Rg5 Ra1 48. Rf5+ Ke6 49. g4 Rg1 50. g5 Ra1 51. Rf6+ Ke7 52. Kf5
Rh1 53. h5 Ra1 54. Kg6 Ra8 55. Rf7+ Ke8 56. h6 1-0

[Event "Werner-Ott-Open Kreuzberger Sommer 2018"]
[Site "Berlin"]
[Date "2018.07.01"]
[Round "2.17"]
[White "Ruether, Marc"]
[Black "Schulz, Olaf"]
[Result "0-1"]
[WhiteElo "1792"]
[BlackElo "2019"]
[PlyCount "78"]
[EventDate "2018.06.30"]
[EventType "swiss"]
[EventRounds "9"]
[EventCountry "GER"]
[SourceTitle "WOOKS_2018_R2"]
[Source "Andreas Lange"]
[SourceDate "2018.07.01"]
[SourceVersion "1"]
[SourceVersionDate "2018.07.01"]
[SourceQuality "1"]
[WhiteTeam "Queer-Springer SSV"]
[WhiteTeamCountry "GER"]

1. e4 c6 2. d4 d5 3. Nd2 dxe4 4. Nxe4 Bf5 5. Ng3 Bg6 6. h4 h6 7. Nf3 Nd7 8. h5
Bh7 9. Bd3 Bxd3 10. Qxd3 e6 11. Bd2 Ngf6 12. O-O-O Be7 13. Qe2 O-O 14. Nf1 c5
15. g4 Nh7 16. g5 Nxg5 17. Rg1 cxd4 18. Bxg5 hxg5 19. Nxd4 Bf6 20. Ne3 Qa5 21.
Kb1 Qe5 22. Ng4 Qxe2 23. Nxf6+ Nxf6 24. Nxe2 Rad8 25. Ng3 Kh7 26. c4 Kh6 27.
Kc2 g4 28. b4 b6 29. Kc3 Nxh5 30. Nxh5 Kxh5 31. c5 Rc8 32. Kc4 Rc7 33. Rd4 bxc5
34. bxc5 Rfc8 35. Rdxg4 Rxc5+ 36. Kb4 a5+ 37. Kb3 Rb8+ 38. Ka3 g6 39. R4g3 Kh6
0-1

[Event "Werner-Ott-Open Kreuzberger Sommer 2018"]
[Site "Berlin"]
[Date "2018.07.01"]
[Round "2.18"]
[White "Werner, Dimo"]
[Black "Hecht, Uwe"]
[Result "1-0"]
[WhiteElo "2012"]
[BlackElo "1774"]
[PlyCount "81"]
[EventDate "2018.06.30"]
[EventType "swiss"]
[EventRounds "9"]
[EventCountry "GER"]
[SourceTitle "WOOKS_2018_R2"]
[Source "Andreas Lange"]
[SourceDate "2018.07.01"]
[SourceVersion "1"]
[SourceVersionDate "2018.07.01"]
[SourceQuality "1"]
[WhiteTeam "TSV Schott Mainz"]
[BlackTeam "SC Kreuzberg"]
[WhiteTeamCountry "GER"]
[BlackTeamCountry "GER"]

1. c4 e5 2. Nc3 Nf6 3. g3 Bb4 4. Bg2 Bxc3 5. bxc3 d6 6. Nf3 Nc6 7. d4 h6 8.
dxe5 Nxe5 9. Nxe5 dxe5 10. Qa4+ Bd7 11. Qa5 O-O 12. Bxb7 Rb8 13. Bg2 Re8 14.
O-O Be6 15. Be3 e4 16. Rfd1 Qc8 17. Bd4 Bxc4 18. Bxf6 gxf6 19. Rd4 Bxe2 20.
Rxe4 Rxe4 21. Bxe4 Rb5 22. Qxa7 Rh5 23. Qa8 Qxa8 24. Bxa8 Ra5 25. Be4 f5 26.
Bc2 Bc4 27. a4 Kg7 28. f4 Be6 29. Kf2 Rc5 30. Ra3 Bc4 31. Ke3 Kf6 32. a5 Rc6
33. Bd3 Bxd3 34. Kxd3 Ra6 35. Kc4 c6 36. Kb4 Kg6 37. c4 Kf6 38. Re3 Kg6 39. Re7
f6 40. Rb7 c5+ 41. Kb5 1-0

[Event "Werner-Ott-Open Kreuzberger Sommer 2018"]
[Site "Berlin"]
[Date "2018.07.01"]
[Round "2.19"]
[White "Woinowski, Michael"]
[Black "Heerde, Thomas"]
[Result "0-1"]
[WhiteElo "1788"]
[BlackElo "2010"]
[PlyCount "56"]
[EventDate "2018.06.30"]
[EventType "swiss"]
[EventRounds "9"]
[EventCountry "GER"]
[SourceTitle "WOOKS_2018_R2"]
[Source "Andreas Lange"]
[SourceDate "2018.07.01"]
[SourceVersion "1"]
[SourceVersionDate "2018.07.01"]
[SourceQuality "1"]
[WhiteTeam "SC Kreuzberg"]
[BlackTeam "SC Weisse Dame"]
[WhiteTeamCountry "GER"]
[BlackTeamCountry "GER"]

1. e4 g6 2. Nc3 Bg7 3. f4 c5 4. Nf3 e6 5. Bc4 Ne7 6. O-O O-O 7. e5 d6 8. d4
cxd4 9. Nb5 dxe5 10. fxe5 Nbc6 11. Qe1 a6 12. Na3 Qc7 13. Bf4 Nf5 14. Bd3 Ne3
15. Qg3 $6 Nxf1 16. Rxf1 b5 17. Nb1 Bb7 18. Nbd2 Nb4 19. Ng5 Nd5 $5 20. Qh4 h6
21. Bxg6 fxg6 22. Nxe6 Qc6 23. Nxd4 Qb6 24. c3 g5 25. Bxg5 Rxf1+ 26. Nxf1 hxg5
27. Qxg5 Qh6 28. Qg4 Qf4 0-1